| 000 | 00729nam a22002057a 4500 | ||
|---|---|---|---|
| 003 | OSt | ||
| 005 | 20230118110945.0 | ||
| 008 | 221021b |||||||| |||| 00| 0 eng d | ||
| 020 | _a0 9644646 0 8 | ||
| 040 | _cBiblioteca LadoV | ||
| 082 |
_a708 _bZ48a |
||
| 100 |
_9554 _aZeitlin, Marilyn A. _ecuradora |
||
| 245 |
_aArtunder Duress: El Salvador 1980-Present/ _bArizona State University Art Museum/ |
||
| 260 |
_aArizona _bArizona State University Art Museum _c1995 |
||
| 300 |
_a135p. _c23x30cm |
||
| 650 |
_2Tesauro de Arte & Arquitectura _aCATALOGO |
||
| 650 |
_2Tesauro de Arte & Arquitectura _aPINTURA |
||
| 650 |
_2Tesauro de Arte & Arquitectura _aARTE SALVADOREÑO |
||
| 942 |
_2ddc _c1 _h708 _iZ48a _n0 |
||
| 999 |
_c2811 _d2811 |
||